书目信息 |
| 题名: |
诗人的眼泪
|
|
| 作者: | ;人民音乐出版社编辑部 编 | |
| 分册: | ||
| 出版信息: | 北京 人民音乐出版社 2007 |
|
| 页数: | 45页 | |
| 开本: | 30cm | |
| 丛书名: | 疯狂演奏 | |
| 单 册: | ||
| 中图分类: | J647.32 | |
| 科图分类: | ||
| 主题词: | 六弦琴--器乐曲--中国--现代--选集 | |
| 电子资源: | ||
| ISBN: | 978-7-103-03248-0 | |
| 000 | 00913oam2 2200253 450 | |
| 001 | 012007045818 | |
| 005 | 20070808184313.17 | |
| 010 | @a978-7-103-03248-0@dCNY16.00(含光盘)@z7-103-03248-3 | |
| 100 | @a20070709d2007 em y0chiy0110 ea | |
| 101 | 0 | @achi |
| 102 | @aCN@b110000 | |
| 105 | @ag z 000yy | |
| 200 | 1 | @a诗人的眼泪@9shi ren de yan lei@e吉他演奏版@f人民音乐出版社编辑部编 |
| 210 | @a北京@c人民音乐出版社@d2007 | |
| 215 | @a45页@d30cm@e1光盘 | |
| 225 | 2 | @a疯狂演奏 |
| 307 | @a附光盘:ISRC CN-M26-07-311-00 | |
| 330 | @a本书收入了《珊瑚海》、《写情书》、《琥珀》、《隐形的翅膀》、《如果没有你》、《握不住的他》、《遇上爱》等15首六弦琴演奏乐曲。 | |
| 461 | 0 | @12001 @a疯狂演奏 |
| 606 | 0 | @a六弦琴@x器乐曲@y中国@z现代@j选集 |
| 690 | @aJ647.32@v4 | |
| 711 | 02 | @a人民音乐出版社编辑部@9ren min yin yue chu ban she bian ji bu@4编 |
| 801 | 0 | @aCN@bRENTIAN@c20070808 |
| 905 | @a10447@dJ647.32@e152 | |
| 诗人的眼泪:吉他演奏版/人民音乐出版社编辑部编.-北京:人民音乐出版社,2007 |
| 45页;30cm+1光盘.-(疯狂演奏) |
| ISBN 978-7-103-03248-0:CNY16.00(含光盘) |
| 本书收入了《珊瑚海》、《写情书》、《琥珀》、《隐形的翅膀》、《如果没有你》、《握不住的他》、《遇上爱》等15首六弦琴演奏乐曲。 |
| ● |
| 相关链接 |
|
|
|
|
正题名:诗人的眼泪
索取号:J647.32/152
 
预约/预借
| 序号 | 登录号 | 条形码 | 馆藏地/架位号 | 状态 | 备注 |
| 1 | 0809874 | 208098743 | 第一样本阅览室/ [索取号:J647.32/152] | 在馆 | |
| 2 | 0809875 | 208098752 | 第一借阅区/ [索取号:J647.32/152] | 在馆 | |
| 3 | 0809876 | 208098761 | 第一借阅区/ [索取号:J647.32/152] | 在馆 | |
| 4 | 0809877 | 208098770 | 第一借阅区/ [索取号:J647.32/152] | 在馆 | |
| 5 | 0810005 | 208100053 | 音乐系资料室/ [索取号:J647.32/152] | 在馆 |